000 02252nam0a2200361 i 4500
001 RU\NLR\bibl\2006537
005 20260405094824.0
010 _a9785444600252
_91000
021 _aRU
_b2013-5837
_9415
035 _a(NLR Aleph) 001995182
090 _a4281081
_c4281081
100 _a20130225d2012 u y0rusy50 ca
101 0 _arus
102 _aRU
105 _aa |||||||||
200 1 _aХронический простатит: профилактика и реабилитация
_eучебное пособие
_eдля системы послевузовского и дополнительного профессионального образования врачей
_fВ.А. Борисов, В.Ю. Латышев, В.И. Попов
_gМ-во здравоохранения и социал. развития Рос. Федерации, Гос. бюджет. образоват. учреждение высш. проф. образования Воронеж. гос. мед. акад. им. Н.Н. Бурденко
210 _aВоронеж
_cНаучная книга
_d2012
215 _a178 с.
_cил.
_d21
320 _aБиблиогр.: с. 176 (15 назв.)
320 _aПредм. указ.: с. 178
606 _aПростатиты хронические
_jУчебные издания для последипломного образования
_xКурортное лечение
_92138677
_3RU\NLR\auth\661593730
606 1 _aПростатиты хронические
_jУчебные издания для последипломного образования
_xПрофилактика
_92138679
_3RU\NLR\auth\661593731
686 _aР696.620.11-549я77
686 _aР696.620.11-8я77
700 1 _4070
_7ca
_8rus
_aБорисов
_bВ. А.
_cд-р мед. наук
_f1944-
_gВячеслав Алексеевич
_3RU\NLR\AUTH\7735435
_918432
701 1 _aЛатышев
_bВ. Ю.
_gВалерий Юрьевич
_4070
701 1 _4070
_8rus
_7ca
_aПопов
_bВ. И.
_cд-р мед. наук, гигиена
_f1969-
_gВалерий Иванович
_3RU\NLR\AUTH\7727720
_910751
801 0 _aRU
_bNLR
_c20130225
_gRCR
801 1 _aRU
_bNLR
_c20130225
942 _cBOOK
980 _aNBR